El Mínimum Vital/ (Registro nro. 9222)
[ vista simple ]
| 000 -LEADER | |
|---|---|
| fixed length control field | 01042nam a2200181Ia 4500 |
| 005 - FECHA Y HORA DE LA ÚLTIMA TRANSACCIÓN | |
| control field | 20230909143425.0 |
| 008 - FIXED-LENGTH DATA ELEMENTS--GENERAL INFORMATION | |
| fixed length control field | 230906s9999 xx 000 0 und d |
| 040 ## - CATALOGING SOURCE | |
| Original cataloging agency | UPAN |
| Transcribing agency | Biblioteca San Vicente |
| Description conventions | RCAA2 |
| 041 ## - LANGUAGE CODE | |
| Language code of text/sound track or separate title | spa |
| 082 ## - DEWEY DECIMAL CLASSIFICATION NUMBER | |
| Classification number | 800 |
| Item number | M394m |
| año de publicación | 2000? |
| 100 ## - MAIN ENTRY--PERSONAL NAME | |
| Personal name | Masferrer, Alberto |
| Relator code | aut. |
| 245 #0 - TITLE STATEMENT | |
| Title | El Mínimum Vital/ |
| Statement of responsibility, etc | Alberto Masferrer |
| 260 ## - PUBLICATION, DISTRIBUTION, ETC. (IMPRINT) | |
| Place of publication, distribution, etc | El Salvador: |
| Name of publisher, distributor, etc | Corte Suprema de Justicia, |
| Date of publication, distribution, etc | 2000? |
| 300 ## - PHYSICAL DESCRIPTION | |
| Extent | 24 p.; |
| Dimensions | 23 cm. |
| 505 ## - FORMATTED CONTENTS NOTE | |
| Formatted contents note | No son pocos los hombres de letras y de leyes que nos han achacado numerosas contradicciones y una confusión perenne, en la propaganda del Mínimum vital.<br/>Nos damos cuenta de las causas que han originado tan adversos juicios; la doctrina del Mínimum vital se ha difundido en las condiciones mas adversas. Tanto que es un milagro haber obtenido para ella, en solo siete meses de propaganda, el derecho de que se la proclame, de que se le discuta y de que entorno a ella combatan apasionadamente ideas e intereses. |
| 650 ## - SUBJECT ADDED ENTRY--TOPICAL TERM | |
| Source of heading or term | LEMB |
| General subdivision | Literatura |
| Geographic subdivision | El Salvador |
| 942 ## - ADDED ENTRY ELEMENTS (KOHA) | |
| Koha item type | Libros |
| Source of classification or shelving scheme | Dewey Decimal Classification |
| Withdrawn status | Lost status | Source of classification or shelving scheme | Damaged status | Not for loan | Collection code | Home library | Current library | Date acquired | Total Checkouts | Full call number | Barcode | Date last seen | Copy number | Price effective from | Koha item type |
|---|---|---|---|---|---|---|---|---|---|---|---|---|---|---|---|
| Dewey Decimal Classification | Colección General | Biblioteca UPAN San Vicente | Biblioteca UPAN San Vicente | 06/09/2023 | 800 M394m | 12001857 | 06/09/2023 | 01 | 06/09/2023 | Libros | |||||
| Dewey Decimal Classification | Colección General | Biblioteca UPAN San Vicente | Biblioteca UPAN San Vicente | 09/09/2023 | 800 M394m | 12001858 | 09/09/2023 | 02 | 09/09/2023 | Libros |